<?xml version="1.0" encoding="UTF-8"?>
<record
    xmlns:xsi="http://www.w3.org/2001/XMLSchema-instance"
    xsi:schemaLocation="http://www.loc.gov/MARC21/slim http://www.loc.gov/standards/marcxml/schema/MARC21slim.xsd"
    xmlns="http://www.loc.gov/MARC21/slim">

  <leader>02017    a2200241   4500</leader>
  <controlfield tag="001">23675</controlfield>
  <controlfield tag="005">20260407155522.0</controlfield>
  <controlfield tag="008">260407a1999    arg                 spa d</controlfield>
  <controlfield tag="003">AR-UNSa-BCEJYS</controlfield>
  <datafield tag="040" ind1=" " ind2=" ">
    <subfield code="a">AR-UNSa-BCEJYS</subfield>
    <subfield code="b">spa</subfield>
    <subfield code="c">AR-UNSa-BCEJYS</subfield>
  </datafield>
  <datafield tag="080" ind1=" " ind2=" ">
    <subfield code="a">658.3</subfield>
    <subfield code="x">Personal. Relaciones humanas en la empresa (Recursos Humanos)</subfield>
  </datafield>
  <datafield tag="245" ind1="1" ind2="0">
    <subfield code="a">Administraci&#xF3;n de recursos humanos</subfield>
    <subfield code="p">para el alto desempe&#xF1;o</subfield>
  </datafield>
  <datafield tag="020" ind1=" " ind2=" ">
    <subfield code="a">968-24-5974-5</subfield>
  </datafield>
  <datafield tag="250" ind1=" " ind2=" ">
    <subfield code="a">5a. ed</subfield>
  </datafield>
  <datafield tag="264" ind1=" " ind2="1">
    <subfield code="a">M&#xE9;xico :</subfield>
    <subfield code="b">Trillas</subfield>
    <subfield code="c">1999</subfield>
  </datafield>
  <datafield tag="300" ind1=" " ind2=" ">
    <subfield code="a">771 p.</subfield>
    <subfield code="c">22 cm.</subfield>
  </datafield>
  <datafield tag="505" ind1=" " ind2=" ">
    <subfield code="a">1. Las facultades humanas &#x2013; 2. Los directivos y los profesionistas del futuro &#x2013; 3. La filosof&#xED;a de los directivos y de las organizaciones &#x2013; 4. Sistemas, cambios y caos &#x2013; 5. La filosof&#xED;a de alto desempe&#xF1;o &#x2013; La pr&#xE1;ctica del alto desempe&#xF1;o para alcanzar la competitividad organizacional &#x2013; 6. Liderazgo para la competitividad y el compromiso &#x2013; 7. El comportamiento humano &#x2013; 8. La cultura &#x2013; 9. Planeaci&#xF3;n estrat&#xE9;gica del capital humano &#x2013; Planeaci&#xF3;n estrat&#xE9;gica y gesti&#xF3;n de la vida &#x2013; 10. La administraci&#xF3;n de alto desempe&#xF1;o humano y el capital humano &#x2013; 11. El perfil de alto desempe&#xF1;o &#x2013; 12. Reclutamiento y selecci&#xF3;n &#x2013; 13. Inducci&#xF3;n &#x2013; 14. Capacitaci&#xF3;n y desarrollo &#x2013; 15. Los salarios y la valuaci&#xF3;n de puestos &#x2013; 16. Relaciones entre trabajadores y direcci&#xF3;n &#x2013; 17. Integraci&#xF3;n de equipos de trabajo &#x2013; 18. &#xBF;C&#xF3;mo aprovechar los conflictos interpersonales? &#x2013; 19. Evaluaci&#xF3;n de desempe&#xF1;o &#x2013; 20. Seguridad e higiene &#x2013; 21. Servicios y prestaciones &#x2013; 22. Suspensi&#xF3;n, rescisi&#xF3;n y terminaci&#xF3;n de las relaciones de trabajo &#x2013; 23. Evaluaci&#xF3;n de la administraci&#xF3;n del capital humano &#x2013; 24. La mujer en el trabajo &#x2013; 25. Calidad de vida.</subfield>
  </datafield>
  <datafield tag="942" ind1=" " ind2=" ">
    <subfield code="c">BK</subfield>
  </datafield>
  <datafield tag="590" ind1=" " ind2=" ">
    <subfield code="a">niveau_biblio:m niveau_hierar:0</subfield>
  </datafield>
  <datafield tag="100" ind1="1" ind2=" ">
    <subfield code="a">Arias Galicia, Fernando</subfield>
  </datafield>
  <datafield tag="700" ind1="1" ind2=" ">
    <subfield code="a">Heredia Espinoza, V&#xED;ctor</subfield>
  </datafield>
  <datafield tag="856" ind1="4" ind2="1">
    <subfield code="u">https://biblioeco.unsa.edu.ar/pmb/images/libros/Administracion de Recursos Humanos 5ed.jpg</subfield>
    <subfield code="y">Imagen de portada</subfield>
    <subfield code="q">image/jpeg</subfield>
  </datafield>
  <datafield tag="999" ind1=" " ind2=" ">
    <subfield code="c">1114</subfield>
    <subfield code="d">1114</subfield>
  </datafield>
  <datafield tag="952" ind1=" " ind2=" ">
    <subfield code="0">0</subfield>
    <subfield code="1">0</subfield>
    <subfield code="4">0</subfield>
    <subfield code="7">0</subfield>
    <subfield code="a">BCEJYS</subfield>
    <subfield code="b">BCEJYS</subfield>
    <subfield code="c">16</subfield>
    <subfield code="d">2026-04-07</subfield>
    <subfield code="l">0</subfield>
    <subfield code="o">658.3 A696 5ed.</subfield>
    <subfield code="p">L85722</subfield>
    <subfield code="r">2026-04-07 15:55:22</subfield>
    <subfield code="w">2026-04-07</subfield>
    <subfield code="y">L</subfield>
    <subfield code="z">TAPA ROTA - CANTO INFERIOR H&#xDA;MEDO - CANTO MANCHADO - SUBRAYADO CON L&#xC1;PIZ - PRIMERAS 3 P&#xC1;GINAS PEGADAS CON CINTA - MANCHADO - MANCHADO - DESDE P&#xC1;G 770 A 772 REPARADAS - P&#xC1;G 762 ROTA - H&#xDA;MEDO DESDE P&#xC1;G 711 A FINAL</subfield>
  </datafield>
  <datafield tag="952" ind1=" " ind2=" ">
    <subfield code="0">0</subfield>
    <subfield code="1">0</subfield>
    <subfield code="4">0</subfield>
    <subfield code="7">0</subfield>
    <subfield code="a">BCEJYS</subfield>
    <subfield code="b">BCEJYS</subfield>
    <subfield code="c">16</subfield>
    <subfield code="d">2026-04-07</subfield>
    <subfield code="l">0</subfield>
    <subfield code="o">658.3 A696 5ed.</subfield>
    <subfield code="p">L86540</subfield>
    <subfield code="r">2026-04-07 15:55:22</subfield>
    <subfield code="w">2026-04-07</subfield>
    <subfield code="y">L</subfield>
    <subfield code="z">L&#xC1;PIZ - P&#xC1;G 425 A 427, 439 A 442 UN POCO SUELTAS - CANTO MANCHADO - MANCHADO - P&#xC1;GINA 312 A 336 DOBLADAS ES ESQUINA SUPERIOR - DESDE PRINCIPIO A P&#xC1;G 24 DOBLADAS</subfield>
  </datafield>
  <datafield tag="952" ind1=" " ind2=" ">
    <subfield code="0">0</subfield>
    <subfield code="1">0</subfield>
    <subfield code="4">0</subfield>
    <subfield code="7">0</subfield>
    <subfield code="a">BCEJYS</subfield>
    <subfield code="b">BCEJYS</subfield>
    <subfield code="c">16</subfield>
    <subfield code="d">2026-04-07</subfield>
    <subfield code="l">0</subfield>
    <subfield code="o">658.3 A696 5ed.</subfield>
    <subfield code="p">L86541</subfield>
    <subfield code="r">2026-04-07 15:55:23</subfield>
    <subfield code="w">2026-04-07</subfield>
    <subfield code="y">L</subfield>
    <subfield code="z">CANTO MANCHADO - L&#xC1;PIZ - DESDE PRIMERA P&#xC1;GINA HASTA P&#xC1;GINA 40 DOBLADAS EN ESQUINA INFERIOR - DESDE P&#xC1;G 641 A FINAL H&#xDA;MEDAS EN CANTO SUPERIOR - MANCHADO - LAPICERA AZUL EN P&#xC1;G 14</subfield>
  </datafield>
  <datafield tag="952" ind1=" " ind2=" ">
    <subfield code="0">0</subfield>
    <subfield code="1">0</subfield>
    <subfield code="4">0</subfield>
    <subfield code="7">0</subfield>
    <subfield code="a">BCEJYS</subfield>
    <subfield code="b">BCEJYS</subfield>
    <subfield code="c">16</subfield>
    <subfield code="d">2026-04-07</subfield>
    <subfield code="l">0</subfield>
    <subfield code="o">658.3 A696 5ed.</subfield>
    <subfield code="p">L86542</subfield>
    <subfield code="r">2026-04-07 15:55:23</subfield>
    <subfield code="w">2026-04-07</subfield>
    <subfield code="y">L</subfield>
    <subfield code="z">L&#xC1;PIZ - MANCHADO (SOBRE TODO EN P&#xC1;GINAS 255 A 275, 13 A 32, 106, 107) - LAPICERA P&#xC1;G 63,105 - RESALTADOR P&#xC1;G 228 Y 229 - CANTO MANCHADO</subfield>
  </datafield>
  <datafield tag="952" ind1=" " ind2=" ">
    <subfield code="0">0</subfield>
    <subfield code="1">0</subfield>
    <subfield code="4">0</subfield>
    <subfield code="7">0</subfield>
    <subfield code="a">BCEJYS</subfield>
    <subfield code="b">BCEJYS</subfield>
    <subfield code="c">16</subfield>
    <subfield code="d">2026-04-07</subfield>
    <subfield code="l">0</subfield>
    <subfield code="o">658.3 A696 5ed.</subfield>
    <subfield code="p">L85545</subfield>
    <subfield code="r">2026-04-07 15:55:23</subfield>
    <subfield code="w">2026-04-07</subfield>
    <subfield code="y">L</subfield>
    <subfield code="z">L&#xC1;PIZ - CANTO MANCHADO - HOJAS UN POCO SUELTAS (MALA ENCUADERNACI&#xD3;N)</subfield>
  </datafield>
  <datafield tag="952" ind1=" " ind2=" ">
    <subfield code="0">0</subfield>
    <subfield code="1">0</subfield>
    <subfield code="4">0</subfield>
    <subfield code="7">0</subfield>
    <subfield code="a">BCEJYS</subfield>
    <subfield code="b">BCEJYS</subfield>
    <subfield code="c">16</subfield>
    <subfield code="d">2026-04-07</subfield>
    <subfield code="l">0</subfield>
    <subfield code="o">658.3 A696 5ed.</subfield>
    <subfield code="p">L85718</subfield>
    <subfield code="r">2026-04-07 15:55:23</subfield>
    <subfield code="w">2026-04-07</subfield>
    <subfield code="y">L</subfield>
    <subfield code="z">CANTO MANCHADO - L&#xC1;PIZ - DESDE P&#xC1;G 5 A 17 FOTOCOPIA</subfield>
  </datafield>
  <datafield tag="952" ind1=" " ind2=" ">
    <subfield code="0">0</subfield>
    <subfield code="1">0</subfield>
    <subfield code="4">0</subfield>
    <subfield code="7">0</subfield>
    <subfield code="a">BCEJYS</subfield>
    <subfield code="b">BCEJYS</subfield>
    <subfield code="c">16</subfield>
    <subfield code="d">2026-04-07</subfield>
    <subfield code="l">0</subfield>
    <subfield code="o">658.3 A696 5ed.</subfield>
    <subfield code="p">L85721</subfield>
    <subfield code="r">2026-04-07 15:55:23</subfield>
    <subfield code="w">2026-04-07</subfield>
    <subfield code="y">L</subfield>
    <subfield code="z">L&#xC1;PIZ - MANCHADO - 2&#xB0; P&#xC1;G UN POCO RASGADA - &#xDA;LTIMA P&#xC1;G CON LAPICERA AZUL - &#xDA;LTIMA P&#xC1;G UN POCO ROTA</subfield>
  </datafield>
  <datafield tag="952" ind1=" " ind2=" ">
    <subfield code="0">0</subfield>
    <subfield code="1">0</subfield>
    <subfield code="4">0</subfield>
    <subfield code="7">0</subfield>
    <subfield code="a">BCEJYS</subfield>
    <subfield code="b">BCEJYS</subfield>
    <subfield code="c">16</subfield>
    <subfield code="d">2026-04-07</subfield>
    <subfield code="l">0</subfield>
    <subfield code="o">658.3 A696 5ed.</subfield>
    <subfield code="p">L85719</subfield>
    <subfield code="r">2026-04-07 15:55:23</subfield>
    <subfield code="w">2026-04-07</subfield>
    <subfield code="y">L</subfield>
    <subfield code="z">L&#xC1;PIZ - P&#xC1;G 640 A 771 MANCHADAS EN CANTO SUPERIOR - HASTA P&#xC1;G 56 H&#xDA;MEDAS - MANCHADO DESDE P&#xC1;G 487 HASTA FINAL EN CANTO INFERIOR</subfield>
  </datafield>
  <datafield tag="952" ind1=" " ind2=" ">
    <subfield code="0">0</subfield>
    <subfield code="1">0</subfield>
    <subfield code="4">0</subfield>
    <subfield code="7">0</subfield>
    <subfield code="a">BCEJYS</subfield>
    <subfield code="b">BCEJYS</subfield>
    <subfield code="c">16</subfield>
    <subfield code="d">2026-04-07</subfield>
    <subfield code="l">0</subfield>
    <subfield code="o">658.3 A696 5ed.</subfield>
    <subfield code="p">L87924</subfield>
    <subfield code="r">2026-04-07 15:55:23</subfield>
    <subfield code="w">2026-04-07</subfield>
    <subfield code="y">L</subfield>
    <subfield code="z">SUBRAYADO CON L&#xC1;PIZ - PARTIDO EN P&#xC1;G 752 - CANTO MANCHADO - DESDE INICIO HASTA P&#xC1;G 17 UN POCO SUELTAS - PARTIDO EN P&#xC1;G 224 - TAPA UN POCO SUELTA</subfield>
  </datafield>
  <datafield tag="952" ind1=" " ind2=" ">
    <subfield code="0">0</subfield>
    <subfield code="1">0</subfield>
    <subfield code="4">0</subfield>
    <subfield code="7">0</subfield>
    <subfield code="a">BCEJYS</subfield>
    <subfield code="b">BCEJYS</subfield>
    <subfield code="c">16</subfield>
    <subfield code="d">2026-04-07</subfield>
    <subfield code="l">0</subfield>
    <subfield code="o">658.3 A696 5ed.</subfield>
    <subfield code="p">L85546</subfield>
    <subfield code="r">2026-04-07 15:55:23</subfield>
    <subfield code="w">2026-04-07</subfield>
    <subfield code="y">L</subfield>
    <subfield code="z">L&#xC1;PIZ - MANCHADO - H&#xDA;MEDO DESDE P&#xC1;G 133 A 173 - UN POCO H&#xDA;MEDO EN PRIMERAS P&#xC1;GINAS - CANTO LATERAL Y SUPERIOR MANCHADOS</subfield>
  </datafield>
  <datafield tag="952" ind1=" " ind2=" ">
    <subfield code="0">0</subfield>
    <subfield code="1">0</subfield>
    <subfield code="4">0</subfield>
    <subfield code="7">0</subfield>
    <subfield code="a">BCEJYS</subfield>
    <subfield code="b">BCEJYS</subfield>
    <subfield code="c">16</subfield>
    <subfield code="d">2026-04-07</subfield>
    <subfield code="l">0</subfield>
    <subfield code="o">658.3 A696 5ed.</subfield>
    <subfield code="p">L86543</subfield>
    <subfield code="r">2026-04-07 15:55:23</subfield>
    <subfield code="w">2026-04-07</subfield>
    <subfield code="y">L</subfield>
    <subfield code="z">P&#xC1;G 770 Y 771 PEGADAS CON CINTA - 2 PRIMERAS P&#xC1;GINAS ROTAS EN PARTE INFERIOR - TAPA DESPEGADA - L&#xC1;PIZ - P&#xC1;G 105 Y 15 CON L&#xC1;PIZ VERDE - LAPICERA AMARILLA EN P&#xC1;G 73 - L&#xC1;PIZ AMARILLO EN P&#xC1;G 516 - MANCHADO - L&#xC1;PIZ NEGRO - CANTO MANCHADO</subfield>
  </datafield>
  <datafield tag="952" ind1=" " ind2=" ">
    <subfield code="0">0</subfield>
    <subfield code="1">0</subfield>
    <subfield code="4">0</subfield>
    <subfield code="7">0</subfield>
    <subfield code="a">BCEJYS</subfield>
    <subfield code="b">BCEJYS</subfield>
    <subfield code="c">16</subfield>
    <subfield code="d">2026-04-07</subfield>
    <subfield code="l">0</subfield>
    <subfield code="o">658.3 A696 5ed.</subfield>
    <subfield code="p">L85547</subfield>
    <subfield code="r">2026-04-07 15:55:23</subfield>
    <subfield code="w">2026-04-07</subfield>
    <subfield code="y">L</subfield>
    <subfield code="z">L&#xC1;PIZ - H&#xDA;MEDO DESDE PRIMERA P&#xC1;GINA HASTA P&#xC1;G 29 - MANCHADO</subfield>
  </datafield>
  <datafield tag="952" ind1=" " ind2=" ">
    <subfield code="0">0</subfield>
    <subfield code="1">0</subfield>
    <subfield code="4">0</subfield>
    <subfield code="7">0</subfield>
    <subfield code="a">BCEJYS</subfield>
    <subfield code="b">BCEJYS</subfield>
    <subfield code="c">16</subfield>
    <subfield code="d">2026-04-07</subfield>
    <subfield code="l">0</subfield>
    <subfield code="o">658.3 A696 5ed.</subfield>
    <subfield code="p">L86539</subfield>
    <subfield code="r">2026-04-07 15:55:23</subfield>
    <subfield code="w">2026-04-07</subfield>
    <subfield code="y">L</subfield>
    <subfield code="z">TAPA UN POCO DESPEGADA Y PEGADA CON CINTA - CANTO MANCHADO - RESALTADOR EN P&#xC1;G 15 - LAPICERA 15 - P&#xC1;G 771 CON CINTA - MANCHADO</subfield>
  </datafield>
</record>
